The Weapons And Power Names Of All The Killers In Dead By Daylight - Statistics

General Stats
  • This quiz has been taken 57 times
  • The average score is 13 of 64
Answer Stats
Killer Weapon and Ability % Correct
The Trapper (Evan MacMillan) Bear Trap
86%
The Hillbilly (Max Thompson Jr.) Chainsaw
80%
The Hillbilly (Max Thompson Jr.) The Hammer
55%
The Wraith (Philip Ojomo) Wailing Bell
55%
The Shape (Michael Myers) Evil Within
52%
The Shape (Michael Myers) Kitchen Knife
52%
The Nurse (Sally Smithson) Spencer’s Last Breath
50%
The Nurse (Sally Smithson) The Bonesaw
48%
The Hag (Lisa Sherwood) The Claw
43%
The Trapper (Evan MacMillan) The Cleaver
41%
The Legion (Frank, Julie, Susie, and Joey) Feral Frenzy
34%
The Deathslinger (Caleb Quinn) The Redeemer
32%
The Cannibal (Bubba Sawyer/Leatherface) Bubba’s Chainsaw
30%
The Ghost Face (Danny Johnson) Night Shroud
30%
The Doctor (Herman Carter) Carter’s Spark
27%
The Nightmare (Freddy Krueger) Dream Demon
27%
The Clown (Jeffrey Hawk) The Afterpiece Tonic
25%
The Spirit (Rin Yamaoka) Yamaoka’s Haunting
25%
The Twins (Charlotte and Victor Deshayes) Blood Bond
23%
The Pig (Amanda Young) Hidden Blade
20%
The Huntress (Anna) Hunting Hatchets
20%
The Legion (Frank, Julie, Susie, and Joey) Hunting Knife
20%
The Pig (Amanda Young) Jigsaw’s Baptism
20%
The Trickster (Ji-Woon Hak) Showstopper
20%
The Cannibal (Bubba Sawyer/Leatherface) The Sledge
20%
The Plague (Adiris) Vile Purge
20%
The Oni (Kazan Yamaoka) Yamaoka’s Wrath
20%
The Hag (Lisa Sherwood) Blackened Catalyst
18%
The Nemesis (Nemesis T-Type) T-Virus
18%
The Artist (Carmina Mora) Birds of Torment
16%
The Deathslinger (Caleb Quinn) Death to Bayshore
16%
The Skull Merchant (Adriana Imai) Eyes in the Sky
16%
The Knight (Tarhos Kovács) Guardia Compagnia
16%
The Demogorgon (Demogorgon) Of the Abyss
16%
The Executioner (Pyramid Head) Rites of Judgement
16%
The Doctor (Herman Carter) The Stick
16%
The Spirit (Rin Yamaoka) Shattered Katana
14%
The Cenobite (Elliot Spencer/Pinhead) Summons of Pain
14%
The Wraith (Philip Ojomo) Azarov’s Skull
11%
The Mastermind (Albert Wesker) Combat Knife
11%
The Onryo (Sadako Yamamura) Deluge of Fear
11%
The Clown (Jeffrey Hawk) Madame Butterfly
11%
The Dredge (Dredge) Reign of Darkness
11%
The Nightmare (Freddy Krueger) Clawed Glove
9%
The Executioner (Pyramid Head) Great Knife
9%
The Singularity (HUX-A7-13) Quantum Instantiation
9%
The Ghost Face (Danny Johnson) Tactical Knife
9%
The Huntress (Anna) Broad Axe
7%
The Onryo (Sadako Yamamura) Ring of Fury
5%
The Mastermind (Albert Wesker) Virulent Bond
5%
The Demogorgon (Demogorgon) Barbarous Claw
2%
The Knight (Tarhos Kovács) Imposing Claymore
2%
The Trickster (Ji-Woon Hak) Polished Head-Smasher
2%
The Plague (Adiris) Profane Censer
2%
The Nemesis (Nemesis T-Type) Raw Fists
2%
The Twins (Charlotte and Victor Deshayes) Blade of Marseille
0%
The Blight (Talbot Grimes) Blightened Corruption
0%
The Blight (Talbot Grimes) Bonebuster
0%
The Cenobite (Elliot Spencer/Pinhead) Hook and Chain
0%
The Dredge (Dredge) Knotted Appendage
0%
The Singularity (HUX-A7-13) Modular Claw
0%
The Skull Merchant (Adriana Imai) Razor-Sharp Dual Blades
0%
The Artist (Carmina Mora) Sharp Palette Blade
0%
The Oni (Kazan Yamaoka) Yamaoka Blade
0%
No matching quizzes found
Score Distribution
Percent of People with Each Score
Percentile by Number Answered
Your Score History
You have not taken this quiz